000 00550nam a2200133Ia 4500
008 220616s9999||||xx |||||||||||||| ||und||
020 _a9782890000000
245 0 _aInvertebrate Models of Natural and Drug‐Sensitive Reward
546 _aEnglish[eng]
650 _ainvertebrate||natural reward||Addiction||alcohol||Alkaloids||psychostimulant||Learning||Dopamine
700 _aHuber, Robert||van Staaden, Moira
856 _uhttps://www.frontiersin.org/research-topics/5495/invertebrate-models-of-natural-and-drug-sensitive-reward
942 _cEB
999 _c21156
_d21156